Visualizzazione normale
Vista MARC
- Glass Philip
di Personal Name
Records bibliografici associati: 1
001 - CONTROL NUMBER
- control field: 14255
003 - CONTROL NUMBER IDENTIFIER
- control field: IT-RoPau
005 - DATE AND TIME OF LATEST TRANSACTION
- control field: 20140219225220.0
008 - FIXED-LENGTH DATA ELEMENTS
- fixed length control field: 140219|| aca||aabn | a|a d
040 ## - CATALOGING SOURCE
- Original cataloging agency: IT-RoPau
- Transcribing agency: IT-RoPau
100 ## - HEADING--PERSONAL NAME
- Personal name: Glass Philip
- Miscellaneous information: Codice interprete SPICS: 11482
- Relator term: Interprete
670 ## - SOURCE DATA FOUND
- Source citation: Work cat.: (IT-RoPau)100520: Glass Philip 14251, Koyaanisqatsi